| 000 | 00376nam a2200133Ia 4500 | ||
|---|---|---|---|
| 008 | 151213s9999 xx 000 0 und d | ||
| 100 | _aDominic Hyland | ||
| 245 |
_aYork Notes on Songs of Innocence & Songs of Experience : Black _cDominic Hyland |
||
| 260 |
_aHarlow Essex _bLongman _c1982 |
||
| 300 | _a1868 p. | ||
| 650 | _aEnglish | ||
| 700 | _aDominic Hyland | ||
| 999 |
_c1373 _d1373 |
||